| 000 | 00729nam a2200217 a 4500 | ||
|---|---|---|---|
| 001 | 39061 | ||
| 003 | BD-RjUL | ||
| 005 | 20211209052917.0 | ||
| 008 | 160404b2002 bg ||||e |||| 00| 0 ben d | ||
| 020 |
_a984074271x _cTK. 105.00 |
||
| 035 | _a(BD-RjUL)39172 | ||
| 040 |
_aBD-RjUL _bben _cBD-RjUL |
||
| 041 | _aben | ||
| 082 |
_223 _a891.443 _bGHB 2002 |
||
| 100 |
_aঘোষ, বিশ্বজিৎ _9120566 |
||
| 245 | 1 | 0 |
_aবাংলা কথাসাহিত্য পাঠ / _cবিশ্বজিৎ ঘোষ . |
| 260 |
_aঢাকা : _bবাংলা একাডেমী ; _c২০০২ |
||
| 300 |
_a১৯৮ পৃ. ; _c২২ সেমি. |
||
| 650 |
_aBengali Literature _9120393 |
||
| 942 |
_2ddc _cBK _01 |
||
| 999 |
_c39061 _d39061 |
||